000 00405nam a2200169Ia 4500
001 32645
003 IN-NITTTR
005 20251114233435.0
008 251113s9999||||xx |||||||||||||| ||eng||
040 _beng
040 _cIN-NITTTR
041 _aeng
082 _aTK5105.55
100 _aQin, Yang
245 0 _aNetwork Coding at Different Layers in Wireless Networks /
_cQin, Yang
942 _2ddc
_cBK
999 _c35485
_d35485